Efektívnosť vo výbere daní diplomová práca

Guardado en:
Detalles Bibliográficos
Autor principal: Šedivá, Iveta
Autor Corporativo: Národohospodárska fakulta EU. Katedra financií
Otros Autores: Zubaľová, Alena, 1959-
Formato: Libro
Lenguaje:eslovaco
Publicado: Bratislava 2016
Etiquetas: Agregar Etiqueta
Sin Etiquetas, Sea el primero en etiquetar este registro!

MARC

LEADER 00000nbm a2200000 4500
001 0217852
005 20170104140832.4
041 0 |a slo 
044 |a SK 
245 1 0 |a Efektívnosť vo výbere daní  |b diplomová práca  |c Iveta Šedivá ; školiteľ: Alena Zubaľová 
264 1 |a Bratislava  |c 2016 
300 |a 66 s. 
100 1 |a Šedivá, Iveta 
700 1 |a Zubaľová, Alena, 1959- 
710 2 |a Národohospodárska fakulta EU. Katedra financií